00363pab a2200133 454500008004000000100002000040245006300060260000900123300001100132362001100143650003000154650001200184773003300196180718b1997 xxu||||| |||| 00| 0 eng d aSpar, Debora L. aLawyers abroad: the internationalization of legal practice c1997 ap.8-28 aSpring aAdministration of justice aLawyers aCalifornia Management Review